Monde mythologie nordique mort instantanées - Statistiques

Statistiques générales
  • Ce quiz a été pris 261 fois
  • Le résultat moyen est 3 sur 9
Answers on the Grid
Answers color-coded by a green-red scale on the quiz's grid according to % correct below.
Olympe
Vanaheim
Yggsgard
Alfheim
Svartalfheim
Friggjar
Nuflheim
Muspellheim
Hel
Baldr
Meinheim
Niflheim
Fartheim
Loki
Asgard
Yggdrasil
Midgard
Helheim
Alptraum
Nidavellir
 
Statistiques - réponses
Réponse % Correct
Vanaheim
70%
Alfheim
41%
Muspellheim
37%
Midgard
36%
Svartalfheim
36%
Asgard
34%
Niflheim
31%
Helheim
27%
Nidavellir
15%
Aucun quiz correspondant
Distribution des résultats
% des personnes avec chaque résultat
Percentile par nombre de réponses
Votre historique - résultats
Vous n’avez pas pris ce quiz